NASCAR's 75 Greatest Drivers - Statistics

General Stats
  • This quiz has been taken 189 times
  • The average score is 38 of 75
Answer Stats
Hint Answer % Correct
2000 to 2017 (26 Cup wins) Dale Earnhardt Jr.
95%
1978 to 2001 (76 Cup wins) Dale Earnhardt
94%
2002 to 2020 (83 Cup wins) Jimmie Johnson
93%
2001 to 2022 (34 Cup wins) Kurt Busch
93%
2005 to Present (63 Cup wins) Kyle Busch
93%
1958 to 1992 (200 Cup wins) Richard Petty
93%
1949 to 1964 (54 Cup wins) Lee Petty
91%
1993 to 2016 (93 Cup wins) Jeff Gordon
90%
1955 to 1965 (50 Cup wins) Junior Johnson
88%
1977 to 2010 (44 Cup wins) Bill Elliott
86%
2016 to Present (19 Cup wins) Chase Elliott
85%
1949 to 1966 (350+ NASCAR-sanctioned wins) Ralph Earnhardt
85%
2009 to Present (35 Cup wins) Joey Logano
82%
2001 to 2023 (60 Cup wins) Kevin Harvick
81%
1985 to 1993 (19 Cup wins) Davey Allison
80%
2005 to Present (54 Cup wins) Denny Hamlin
80%
1999 to 2016 (49 Cup wins) Tony Stewart
80%
1961 to 1988 (84 Cup wins) Bobby Allison
79%
2014 to Present (29 Cup wins) Kyle Larson
77%
1972 to 2000 (84 Cup wins) Darrell Waltrip
75%
1993 to 2013 (21 Cup wins) Bobby Labonte
72%
1979 to 2006 (22 Cup wins) Terry Labonte
72%
2009 to Present (36 Cup wins) Brad Keselowski
70%
2004 to 2016 (28 Cup wins) Carl Edwards
70%
1982 to 2013 (40 Cup wins) Mark Martin
70%
2005 to 2024 (34 Cup wins) Martin Truex Jr.
69%
2000 to 2020 (39 Cup wins) Matt Kenseth
68%
1984 to 2005 (55 Cup wins) Rusty Wallace
67%
1962 to 1988 (83 Cup wins) Cale Yarborough
66%
1960 to 1985 (105 Cup wins) David Pearson
62%
2002 to 2021 (18 Cup wins) Ryan Newman
62%
1987 to 2007 (32 Cup wins) Dale Jarrett
57%
2004 to 2018 (18 Cup wins) Kasey Kahne
57%
1959 to 1966 (50 Cup wins) Ned Jarrett
57%
1949 to 1951 (2 Cup wins) Red Byron
57%
2002 to 2016 (19 Cup wins) Greg Biffle
55%
1977 to 2007 (23 Cup wins) Ricky Rudd
52%
1994 to 2013 (21 Cup wins) Jeff Burton
50%
1986 to 1993 (5 Cup wins) Alan Kulwicki
48%
1983 to 2007 (10 Cup wins) Sterling Marlin
48%
1970 to 1988 (21 Cup wins) Benny Parsons
42%
1950 to 1964 (33 Cup wins) Fireball Roberts
42%
1979 to 2002 (18 Cup wins) Geoff Bodine
42%
1949 to 1961 (39 Cup wins) Tim Flock
42%
1949 to 1976 (46 Cup wins) Buck Baker
41%
1959 to 1994 (19 Cup wins) Buddy Baker
41%
1995 to 2014 (51 Truck wins) Ron Hornaday Jr.
37%
1949 to 1957 (48 Cup wins) Herb Thomas
35%
1978 to 1994 (18 Cup wins) Harry Gant
34%
1955 to 1964 (25 Cup wins) Joe Weatherly
33%
1987 to 1999 (15 Cup wins) Ernie Irvan
32%
1956 to 1964 (28 Cup wins) Rex White
31%
1962 to 1973 (14 Cup wins) LeeRoy Yarbrough
30%
1963 to 1990 (7 Cup wins) A.J. Foyt
25%
1989 to 2005 (15 Xfinity wins) Randy LaJoie
25%
1981 to 1987 (13 Cup wins) Tim Richmond
25%
1982 to 1984 (22 Xfinity wins) Sam Ard
22%
1976 to 1989 (18 Cup wins) Neil Bonnett
21%
1956 to 1971 (5 Cup wins) Tiny Lund
21%
1953 to 1975 (700+ NASCAR-sanctioned wins) Red Farmer
20%
1960 to 1972 (26 Cup wins) Fred Lorenzen
19%
1954 to 1966 (17 Cup wins) Marvin Panch
18%
1963 to 1976 (37 Cup wins) Bobby Issac
15%
1949 to 1968 (17 Cup wins) Curtis Turner
14%
1953 to 1964 (4 Cup wins) Glen Wood
13%
1950 to 1988 (700+ NASCAR-sanctioned wins) Ray Hendrick
13%
1965 to 1985 (450 Modified wins) Richie Evans
12%
1950 to 1964 (9 Cup wins) Cotton Owens
11%
1986 to 2013 (74 Modified wins) Mike Stefanik
11%
1950 to 1993 (4 Cup wins) Hershel McGriff
9%
1982 to 1991 (31 Xfinity wins) Jack Ingram
9%
1949 to 1952 (7 Cup wins) Marshall Teague
6%
1953 to 1964 (9 Cup wins) Bob Welborn
5%
1968 to 1982 (341 Modified wins) Jerry Cook
5%
1989 to 1996 (220 NASCAR-sanctioned wins) Larry Phillips
5%
No matching quizzes found
Score Distribution
Percent of People with Each Score
Percentile by Number Answered
Your Score History
You have not taken this quiz